000 00608nam a2200229Ia 4500
003 OSt
005 20221007070746.0
006 a|||||r|||| 00| 0
007 ta
008 221006b |||||||| |||| 00| 0 eng d
024 _a18,013
037 _cTextual
040 _aFLL
_cFLL
_beng
041 _2eng
_aeng
082 _aY5927.216.N7, L8
100 _aAbbasayulu Y.B.
245 0 _aScheduled caste elite
260 _aHederabad
_bOsmania University India
_c1978
300 _a134p
_ccm.
942 _hY5927.216.N7, L8
_cTEXL
_2CC
999 _c1141457
_d1141457